Star Trek Captains - Statistics

General Stats
  • This quiz has been taken 41 times
  • The average score is 6 of 8
Answer Stats
Picture Hint Answer % Correct
Star Trek James Kirk
100%
Next Generation Jean-Luc Picard
100%
Voyager Kathryn Janeway
94%
Deep Space Nine Benjamin Sisko
80%
Strange New Worlds Christopher Pike
77%
Enterprise Jonathan Archer
69%
Discovery Michael Burnham
49%
Lower Decks Carol Freeman
26%
No matching quizzes found
Score Distribution
Percent of People with Each Score
Percentile by Number Answered
Your Score History
You have not taken this quiz